Central Library OPAC University of Rajshahi

Economics of informatics : (Record no. 28272)

MARC details
000 -LEADER
fixed length control field 01236cam a2200289 i 4500
001 - CONTROL NUMBER
control field 28272
003 - CONTROL NUMBER IDENTIFIER
rucl marc code BD-RjUL
005 - DATE AND TIME OF LATEST TRANSACTION
control field 20211209051247.0
008 - FIXED-LENGTH DATA ELEMENTS--GENERAL INFORMATION
fixed length control field 140330s1975 ne a b 100 0 eng
020 ## - INTERNATIONAL STANDARD BOOK NUMBER
International Standard Book Number 0444108483 (American)
035 ## - SYSTEM CONTROL NUMBER
System control number (BD-RjUL)28353
040 ## - CATALOGING SOURCE
Original cataloging agency DLC
Transcribing agency DLC
Modifying agency BD-RjUL
Language of cataloging eng
041 ## - LANGUAGE CODE
Language code of text/sound track or separate title eng
082 00 - DEWEY DECIMAL CLASSIFICATION NUMBER
Classification number 338.473500002854
Author mark and year ECO 1975
245 00 - TITLE STATEMENT
Title Economics of informatics :
Remainder of title proceedings of the IBI-ICC international symposium, Mainz, 16-20 September, 1974 /
Statement of responsibility, etc. organized by Intergovernmental Bureau for Informatics, IBI-ICC, Rome ; edited by A. B. Frielink.
260 ## - PUBLICATION, DISTRIBUTION, ETC. (IMPRINT)
Place of publication, distribution, etc. Amsterdam :
Name of publisher, distributor, etc. North-Holland Pub. Co. ;
Place of publication, distribution, etc. New York :
Name of publisher, distributor, etc. American Elsevier Pub. Co.,
Date of publication, distribution, etc. 1975.
300 ## - PHYSICAL DESCRIPTION
Pagination 469 p. :
Illustrations ill. ;
Size 23 cm.
504 ## - BIBLIOGRAPHY, ETC. NOTE
Bibliography, etc Includes bibliographies.
650 #0 - SUBJECT ADDED ENTRY--TOPICAL TERM
Topical term or geographic name as entry element Public administration
General subdivision Data processing
-- Economic aspects
Form subdivision Congresses.
9 (RLIN) 86583
Topical term or geographic name as entry element Electronic data processing
General subdivision Cost effectiveness
Form subdivision Congresses.
9 (RLIN) 86584
Topical term or geographic name as entry element Information storage and retrieval systems
General subdivision Economic aspects
Form subdivision Congresses.
9 (RLIN) 86585
700 1# - ADDED ENTRY--PERSONAL NAME
Personal name Frielink, A. B.
710 2# - ADDED ENTRY--CORPORATE NAME
Corporate name or jurisdiction name as entry element Intergovernmental Bureau for Informatics.
9 (RLIN) 86587
Corporate name or jurisdiction name as entry element International Computation Centre.
9 (RLIN) 86588
942 ## - ADDED ENTRY ELEMENTS (KOHA)
Source of classification or shelving scheme Dewey Decimal Classification
Koha item type Books
Holdings
Lost status Source of classification or shelving scheme Damaged status Not for loan Collection code Permanent Location Current Location Shelving location Date acquired Total Checkouts Full call number Date last seen Copy number Koha item type
  Dewey Decimal Classification   Added to bundle Non-fiction Central Library, University of Rajshahi Central Library, University of Rajshahi Reading Room 18/04/1974   338.473500002854 ECO 1975 30/03/2014 C-1 Books